| 000 | 00663nam a2200241Ia 4500 | ||
|---|---|---|---|
| 003 | OSt | ||
| 005 | 20260529094441.0 | ||
| 008 | 240531s9999 xx 000 0 und d | ||
| 020 | _a9789966003058 | ||
| 040 | _aKenya national library service | ||
| 082 | _a823.92 ARE | ||
| 100 | _aArensen,Shel | ||
| 245 | 0 |
_aTest of the tribal challenge / _c Shel Arensen |
|
| 300 |
_a105 Pages; _c19 cm |
||
| 490 | _aThe Rugendo Rhino Series | ||
| 500 | _aNo.5 | ||
| 650 | _aClubs -- Fiction. | ||
| 650 | _aRobbers and outlaws -- Fiction. | ||
| 650 | _aFathers and sons -- Fiction. | ||
| 942 |
_cBK _2ddc |
||
| 999 |
_c345986 _d345986 |
||